[Event "Heusenstamm Sparkassen op-B 5th"]
[Site "Heusenstamm"]
[Date "2018.11.25"]
[Round "7"]
[White "Bayer, Oliver"]
[Black "Scheerer, Julian"]
[Result "1/2-1/2"]
[WhiteElo "1497"]
[BlackElo "1364"]
[PlyCount "70"]
[EventDate "2018.11.22"]
[EventType "swiss"]
[EventRounds "7"]
[EventCountry "GER"]
[SourceTitle "CBM 187 Extra"]
[Source "ChessBase"]
[SourceDate "2018.11.04"]
[SourceVersion "1"]
[SourceVersionDate "2018.11.04"]
[SourceQuality "1"]

1. e4 e5 2. Nf3 Nc6 3. Nc3 Nf6 4. d4 exd4 5. Nxd4 Bc5 6. Nxc6 dxc6 7. Qxd8+ Kxd8 8. Bg5 Re8 9. Bxf6+ gxf6 10. 0-0-0+ Bd7 11. f3 b5 12. a3 Kc8 13. b4 Be3+ 14. Kb2 a5 15. Rd3 Bb6 16. Be2 f5 17. exf5 Bxf5 18. Ne4 Bxe4 19. fxe4 Rxe4 20. Bf3 Rc4 21. Re1 axb4 22. axb4 Bd4+ 23. Kb3 Bf6 24. Re8+ Kb7 25. Rxa8 Kxa8 26. g3 Kb7 27. Bh5 Be7 28. c3 f5 29. Rf3 Re4 30. Rxf5 h6 31. Rf3 Re5 32. Bg6 c5 33. bxc5 Bxc5 34. h3 Re3 35. Rxe3 Bxe3 1/2-1/2

[Event "Heusenstamm Sparkassen op-B 5th"]
[Site "Heusenstamm"]
[Date "2018.11.24"]
[Round "5"]
[White "Bayer, Oliver"]
[Black "Burkart, Lloyd Shang"]
[Result "0-1"]
[WhiteElo "1497"]
[BlackElo "1157"]
[PlyCount "104"]
[EventDate "2018.11.22"]
[EventType "swiss"]
[EventRounds "7"]
[EventCountry "GER"]
[SourceTitle "CBM 187 Extra"]
[Source "ChessBase"]
[SourceDate "2018.11.04"]
[SourceVersion "1"]
[SourceVersionDate "2018.11.04"]
[SourceQuality "1"]

1. e4 c5 2. Nf3 e6 3. d4 cxd4 4. Nxd4 a6 5. Nc3 Qc7 6. Be3 b5 7. Bd3 Bb7 8. Qd2 Nf6 9. a3 Be7 10. 0-0 0-0 11. Rad1 Nc6 12. Nf3 Rac8 13. Rc1 Rfd8 14. Rfd1 b4 15. axb4 Bxb4 16. Qe1 d5 17. exd5 Nxd5 18. Bd2 Nxc3 19. Bxc3 Bxc3 20. Qxc3 Rd7 21. Ra1 a5 22. Bb5 Rxd1+ 23. Rxd1 Rd8 24. Rxd8+ Qxd8 25. Qd3 Qxd3 26. Bxd3 Nb4 27. Ne1 Nxd3 28. Nxd3 Be4 29. Ne1 Kf8 30. f3 Bd5 31. Kf2 Ke7 32. Ke3 e5 33. b3 Kd6 34. Nd3 f5 35. g3 g5 36. f4 exf4+ 37. gxf4 g4 38. Kd4 h5 39. c4 Be4 40. Nf2 Bc6 41. Ke3 h4 42. Nd3 g3 43. hxg3 h3 44. Kd4 h2 45. c5+ Kc7 46. Nf2 h1Q 47. Nxh1 Bxh1 48. Ke5 Be4 49. g4 Bc2 50. Kd4 fxg4 51. Ke3 Bxb3 52. f5 a4 0-1

[Event "Heusenstamm Sparkassen op-B 5th"]
[Site "Heusenstamm"]
[Date "2018.11.23"]
[Round "2"]
[White "Werner, Florin"]
[Black "Bayer, Oliver"]
[Result "0-1"]
[WhiteElo "1234"]
[BlackElo "1497"]
[PlyCount "134"]
[EventDate "2018.11.22"]
[EventType "swiss"]
[EventRounds "7"]
[EventCountry "GER"]
[SourceTitle "CBM 187 Extra"]
[Source "ChessBase"]
[SourceDate "2018.11.04"]
[SourceVersion "1"]
[SourceVersionDate "2018.11.04"]
[SourceQuality "1"]

1. e4 e5 2. Nf3 Nc6 3. Bc4 Bc5 4. Nc3 Nf6 5. d3 d6 6. Bg5 0-0 7. h3 h6 8. Bh4 Be6 9. Bb3 Nd4 10. Nd5 Bxd5 11. Bxd5 c6 12. Bb3 b5 13. Nxd4 Bxd4 14. c3 Bb6 15. Qf3 a5 16. a3 Qe7 17. Bxf6 Qxf6 18. Qxf6 gxf6 19. g4 Kg7 20. h4 Rh8 21. h5 Rag8 22. Ke2 Kf8 23. f3 Ke7 24. Rh4 Rg7 25. c4 a4 26. Ba2 Bd4 27. Rb1 bxc4 28. Bxc4 Rb8 29. b4 axb3 30. Rxb3 Rxb3 31. Bxb3 Rg8 32. Rh1 Rb8 33. Ba4 Rb2+ 34. Ke1 Ra2 35. Rf1 Kd7 36. Bb3 Rxa3 37. Bxf7 Rxd3 38. Ke2 Re3+ 39. Kd2 Ke7 40. Bc4 Rc3 41. Ba2 Ra3 42. Bc4 Ra4 43. Bb3 Rb4 44. Kc2 c5 45. Ra1 Bxa1 46. Bd5 c4 47. Bg8 c3 48. Bb3 Rxb3 49. Kxb3 Kd7 50. Kc2 Kc6 51. Kb1 Bb2 52. Kc2 Kc5 53. Kd3 Kb4 54. Kc2 Kc4 55. g5 fxg5 56. f4 gxf4 57. Kb1 Kd3 58. Ka2 c2 59. Kxb2 Kd2 60. Kb3 c1Q 61. Kb4 Kd3 62. Kb5 Qc5+ 63. Ka6 Qb4 64. Ka7 Kc4 65. Ka6 Kc5 66. Ka7 Kc6 67. Ka6 Qb6# 0-1

[Event "GER-chT U12"]
[Site "Magdeburg"]
[Date "2017.12.28"]
[Round "3.4"]
[White "Weidemann, Jakob"]
[Black "Bayer, Oliver"]
[Result "1-0"]
[WhiteElo "963"]
[BlackElo "1452"]
[PlyCount "79"]
[EventDate "2017.12.26"]
[EventType "team-swiss"]
[EventRounds "7"]
[EventCountry "GER"]
[SourceTitle "CBM 182 Extra"]
[Source "ChessBase"]
[SourceDate "2018.02.23"]
[SourceVersion "1"]
[SourceVersionDate "2018.02.23"]
[SourceQuality "1"]
[WhiteTeam "Muenster"]
[BlackTeam "Gruendau"]
[WhiteTeamCountry "GER"]
[BlackTeamCountry "GER"]

1. e4 e5 2. Nf3 Nc6 3. Bc4 Bc5 4. d3 Nf6 5. 0-0 h6 6. c3 0-0 7. Re1 d6 8. Nbd2 Bg4 9. Nf1 Re8 10. Ng3 Na5 11. Bb5 c6 12. Ba4 b5 13. Bc2 Bb6 14. h3 Be6 15. Nh4 Qd7 16. Nhf5 Bxf5 17. Nxf5 Kh7 18. Qf3 Qe6 19. Qg3 g5 20. h4 Nh5 21. Qg4 Nf6 22. Qh3 g4 23. Qh2 Rg8 24. Be3 Bxe3 25. Rxe3 Rg6 26. h5 Rg5 27. Ng3 d5 28. Bd1 Rd8 29. f3 gxf3 30. Rxf3 dxe4 31. dxe4 Nc4 32. Bb3 Rdg8 33. Raf1 Nxh5 34. Nxh5 Rxg2+ 35. Qxg2 Rxg2+ 36. Kxg2 Qg4+ 37. Ng3 Nd2 38. Rxf7+ Kh8 39. Rf8+ Kg7 40. Rg8+ 1-0

[Event "Heusenstamm Sparkassen op-B 4th"]
[Site "Heusenstamm"]
[Date "2017.11.26"]
[Round "7"]
[White "Mehl, Ulrich"]
[Black "Bayer, Oliver"]
[Result "1-0"]
[WhiteElo "1599"]
[BlackElo "1526"]
[PlyCount "89"]
[EventDate "2017.11.23"]
[EventType "swiss"]
[EventRounds "7"]
[EventCountry "GER"]
[SourceTitle "EXT 2019"]
[Source "ChessBase"]
[SourceDate "2018.10.10"]
[SourceVersion "1"]
[SourceVersionDate "2018.10.10"]
[SourceQuality "1"]

1. d4 d5 2. c4 e6 3. Nc3 Nf6 4. Bg5 Bb4 5. e3 0-0 6. Nf3 Nbd7 7. Bd3 c5 8. cxd5 exd5 9. 0-0 Bxc3 10. bxc3 b6 11. e4 Qc7 12. exd5 Nxd5 13. c4 N5f6 14. d5 Re8 15. Re1 a6 16. Qd2 Bb7 17. Bf4 Rxe1+ 18. Rxe1 Qc8 19. Re7 Qd8 20. Qe2 h6 21. Bg3 Qf8 22. Nh4 Re8 23. Bd6 Rxe7 24. Bxe7 Qe8 25. Nf5 Qa8 26. Bxf6 Nxf6 27. Qf3 Qd8 28. Qg3 Nh5 29. Qe5 Kf8 30. d6 Nf6 31. Ne7 Nd7 32. Qf4 Nf6 33. Bf5 g6 34. Bxg6 fxg6 35. Qxf6+ Ke8 36. Qxg6+ Kd7 37. Qxh6 b5 38. cxb5 axb5 39. Nf5 Qe8 40. Qg7+ Kc6 41. Qc7+ Kd5 42. Qxb7+ Kc4 43. Ne3+ Kb4 44. d7 Qe4 45. Qxe4+ 1-0

[Event "Eschborn op"]
[Site "Eschborn"]
[Date "2017.10.15"]
[Round "5"]
[White "Bakiev, Diyor"]
[Black "Bayer, Oliver"]
[Result "1-0"]
[WhiteElo "1458"]
[BlackElo "1472"]
[PlyCount "33"]
[EventDate "2017.10.13"]
[EventType "swiss"]
[EventRounds "5"]
[EventCountry "GER"]
[SourceTitle "EXT 2019"]
[Source "ChessBase"]
[SourceDate "2018.10.10"]
[SourceVersion "1"]
[SourceVersionDate "2018.10.10"]
[SourceQuality "1"]

1. e4 e5 2. Nf3 Nc6 3. Bc4 Bc5 4. b4 Bxb4 5. c3 Be7 6. d4 exd4 7. Qb3 Na5 8. Bxf7+ Kf8 9. Qa4 Kxf7 10. Qxa5 dxc3 11. Nxc3 h6 12. Qf5+ Nf6 13. Ne5+ Kg8 14. Qg6 Qe8 15. a3 Rh7 16. Nd5 Bd8 17. Nxf6+ 1-0

[Event "Eschborn op"]
[Site "Eschborn"]
[Date "2017.10.14"]
[Round "1"]
[White "Bayer, Oliver"]
[Black "Paeslack, Luis"]
[Result "0-1"]
[WhiteElo "1472"]
[BlackElo "1794"]
[PlyCount "84"]
[EventDate "2017.10.13"]
[EventType "swiss"]
[EventRounds "5"]
[EventCountry "GER"]
[SourceTitle "EXT 2019"]
[Source "ChessBase"]
[SourceDate "2018.10.10"]
[SourceVersion "1"]
[SourceVersionDate "2018.10.10"]
[SourceQuality "1"]

1. e4 c5 2. Nf3 Nc6 3. d4 cxd4 4. Nxd4 Nf6 5. Nc3 e5 6. Nxc6 bxc6 7. Bc4 Bb4 8. Qd3 0-0 9. a3 Bxc3+ 10. bxc3 d5 11. exd5 cxd5 12. Ba2 Qa5 13. 0-0 Ba6 14. c4 Rac8 15. Qe3 d4 16. Qe2 Qc3 17. Bg5 Nd7 18. Be7 Rfe8 19. Bb4 Bxc4 20. Bxc4 Qxc4 21. Qxc4 Rxc4 22. Rac1 Rec8 23. Rfe1 Rxc2 24. Rxc2 Rxc2 25. f4 f6 26. fxe5 fxe5 27. Bd6 d3 28. Rd1 e4 29. Bf4 Ra2 30. Bc1 Ne5 31. Rd2 Rxd2 32. Bxd2 Nc4 33. Bc1 d2 34. Bxd2 Nxd2 35. Kf2 Nc4 36. a4 Kf7 37. g4 Ke6 38. h4 Ke5 39. h5 h6 40. Ke2 Kd4 41. Ke1 Ke3 42. Kd1 Kf2 0-1

[Event "Rhein Main op-B 20th"]
[Site "Bad Homburg"]
[Date "2017.06.17"]
[Round "5"]
[White "Scholz, Bodo"]
[Black "Bayer, Oliver"]
[Result "0-1"]
[WhiteElo "1612"]
[BlackElo "1284"]
[PlyCount "68"]
[EventDate "2017.06.14"]
[EventType "swiss"]
[EventRounds "7"]
[EventCountry "GER"]
[SourceTitle "EXT 2018"]
[Source "ChessBase"]
[SourceDate "2017.10.13"]
[SourceVersion "1"]
[SourceVersionDate "2017.10.13"]
[SourceQuality "1"]

1. d4 d5 2. Nf3 Nc6 3. Bf4 Nf6 4. e3 Bf5 5. Bb5 Bg4 6. Nbd2 e6 7. c3 Bd6 8. Bg3 a6 9. Ba4 b5 10. Bc2 e5 11. h3 Bh5 12. Qb1 e4 13. Ne5 Bxe5 14. dxe5 Nd7 15. Bxe4 dxe4 16. Qxe4 Ne7 17. Qh4 Bg6 18. 0-0-0 Nc5 19. e4 Nc6 20. Qg4 Qd7 21. Qg5 Qe7 22. Qf4 Nd3+ 23. Kc2 Nxf4 24. Bxf4 Nxe5 25. Be3 Nc4 26. Bd4 Nxd2 27. Kxd2 0-0 28. Rde1 Qg5+ 29. Be3 Qxg2 30. Reg1 Qxe4 31. h4 Rfd8+ 32. Ke2 Qc2+ 33. Kf3 Bh5+ 34. Kf4 Rd1 0-1

[Event "Rhein Main op-B 20th"]
[Site "Bad Homburg"]
[Date "2017.06.14"]
[Round "1"]
[White "Bayer, Oliver"]
[Black "Meyer Jany, Marcel"]
[Result "0-1"]
[WhiteElo "1284"]
[BlackElo "1687"]
[PlyCount "86"]
[EventDate "2017.06.14"]
[EventType "swiss"]
[EventRounds "7"]
[EventCountry "GER"]
[SourceTitle "EXT 2018"]
[Source "ChessBase"]
[SourceDate "2017.10.13"]
[SourceVersion "1"]
[SourceVersionDate "2017.10.13"]
[SourceQuality "1"]

1. e4 c6 2. d4 d5 3. e5 Bf5 4. Nc3 e6 5. Nf3 c5 6. Be3 Nd7 7. Bb5 cxd4 8. Nxd4 Ne7 9. Bg5 Bg6 10. 0-0 a6 11. Bxd7+ Qxd7 12. f4 Nc6 13. Nxc6 Qxc6 14. a3 Qb6+ 15. Kh1 Rc8 16. Rb1 Qc6 17. Ra1 b5 18. Qd2 b4 19. axb4 Bxb4 20. Rf3 0-0 21. Raf1 Be4 22. Rg3 Qc4 23. Rf2 d4 24. b3 dxc3 25. Qd1 Qd5 26. Qxd5 exd5 27. f5 Rc6 28. f6 g6 29. Rf4 Re8 30. Rh3 Rxe5 31. Bh6 Bf5 32. Rhf3 Re1+ 33. Rf1 Rxf1+ 34. Rxf1 Rxf6 35. Re1 Re6 36. Rf1 Bf8 37. Bxf8 Kxf8 38. h3 Re2 39. Rd1 Be4 40. Rg1 Rxc2 41. Kh2 Rxg2+ 42. Rxg2 Bxg2 43. Kxg2 c2 0-1

[Event "Heusenstamm Sparkassen op U14 3rd"]
[Site "Heusenstamm"]
[Date "2016.11.27"]
[Round "2"]
[White "Porstendoerfer, Yannik"]
[Black "Bayer, Oliver"]
[Result "1/2-1/2"]
[WhiteElo "1231"]
[BlackElo "1110"]
[PlyCount "67"]
[EventDate "2016.11.27"]
[EventType "swiss"]
[EventRounds "5"]
[EventCountry "GER"]
[SourceTitle "EXT 2018"]
[Source "ChessBase"]
[SourceDate "2017.10.13"]
[SourceVersion "1"]
[SourceVersionDate "2017.10.13"]
[SourceQuality "1"]

1. e4 e5 2. Nf3 Nc6 3. Bc4 Nf6 4. Ng5 d5 5. exd5 Na5 6. Bb5+ c6 7. dxc6 bxc6 8. Ba4 h6 9. Nf3 e4 10. Ne5 Qd5 11. Nxf7 Qxf7 12. b4 Qc4 13. bxa5 Qxa4 14. Nc3 Qxa5 15. Nxe4 Nxe4 16. Qe2 Qe5 17. Bb2 Qxb2 18. Qxe4+ Kd7 19. Qf5+ Kc7 20. Qf7+ Kb6 21. 0-0 Qxc2 22. Rab1+ Ka6 23. Rbc1 Qe4 24. Rfe1 Qd5 25. Qc7 Bb7 26. Rb1 Bd6 27. Qxb7+ Ka5 28. Qb2 Rab8 29. Qc3+ Ka6 30. Qc2 Rxb1 31. Rxb1 Bc7 32. Qb2 Qb5 33. Qa3+ Qa5 34. Qd3+ 1/2-1/2